00263 a2200109 4500001000700000020000600007040001100013100002100024240005200045245004700097362000900144170038 a  cMagnum a4 Serie 4 - 200010aOs cientistas - colegio magnum agostinianolpor10aOs cientistas - colegio magnum agostiniano0 a1899